000
003460000a22001570004500
005
20120302065133.0
942
_c
BOOK
100
_a
Joshi, Vaman
245
_a
Sakal Sant Chitra Gatha
250
_a
2nd
260
_a
Pune:Me.S.P.Barve,1998
300
_a
144p..-ill
040
_a
Mar
365
_b
120/-
650
_a
Santa-chitre va mahiti
999
_c
363988
_d
363985